[Event "Judit Polgar Cup"]
[Site "SchemingMind.com"]
[Date "2017.08.18"]
[Round "-"]
[White "Ronald R. Nurmi"]
[Black "pmdpsp"]
[Result "0-1"]
[WhiteCountry "USA"]
[BlackCountry "GER"]
[WhiteElo "1710"]
[WhiteRD "90"]
[BlackElo "1740"]
[BlackRD "95"]
[GameID "417427"]

1. d4 d5 2. Bf4 Nf6 3. e3 a6 4. Nf3 c5 5. c3 c4 6. Nbd2 b5 7. Ne5 Nbd7 8. Ndf3 Nxe5 9. dxe5 Nd7 10. h4 Bb7
11. Qc2 e6 12. Be2 f6 13. exf6 Nxf6 14. Ne5 Bd6 15. Bf3 Qc7 16. Ng4 Bxf4 17. Nxf6+ gxf6 18. exf4 Qxf4 19. Qe2 Qd6 20. O-O-O O-O-O
21. Rhe1 Rhe8 22. Kb1 Kb8 23. g3 e5 24. Bg4 Re7 25. Rd2 b4 26. Rc1 bxc3 27. bxc3 Rc7 28. Rcd1 Qa3 29. Rb2 Qxc3 30. Rc1 Qa3
31. Qc2 e4 32. Bf5 Ka7 33. Ka1 Bc6 34. Bg4 Ba4
0-1

[Event "Judit Polgar Cup"]
[Site "SchemingMind.com"]
[Date "2017.08.18"]
[Round "-"]
[White "pmdpsp"]
[Black "Ronald R. Nurmi"]
[Result "1-0"]
[WhiteCountry "GER"]
[BlackCountry "USA"]
[WhiteElo "1740"]
[WhiteRD "95"]
[BlackElo "1710"]
[BlackRD "90"]
[GameID "417428"]

1. c4 e5 2. Nc3 Nf6 3. d4 exd4 4. Qxd4 Nc6 5. Qd1 Bb4 6. Bd2 O-O 7. a3 Bxc3 8. Bxc3 Ne4 9. Qc2 Re8 10. Nf3 d6
11. e3 Nxc3 12. Qxc3 Bg4 13. Be2 Qe7 14. O-O h6 15. h3 Bf5 16. Rfe1 Rad8 17. Rad1 Qe6 18. Nd4 Nxd4 19. exd4 Qd7 20. Bf3 b6
21. b4 Qc8 22. Bc6 Bd7 23. b5 Bxc6 24. bxc6 a6 25. d5 Rxe1+ 26. Rxe1 Re8 27. Re3 Kf8 28. Rg3 f6 29. Qd3 Kg8 30. Qg6 Re7
31. Qxh6 Qf5 32. Qc1 Qe4 33. Re3
1-0

[Event "Judit Polgar Cup"]
[Site "SchemingMind.com"]
[Date "2017.08.20"]
[Round "-"]
[White "Janusz Szopa"]
[Black "Robert Bruce"]
[Result "1/2-1/2"]
[WhiteCountry "POL"]
[BlackCountry "SCO"]
[WhiteElo "2268"]
[WhiteRD "74"]
[BlackElo "2350"]
[BlackRD "75"]
[GameID "417476"]

1. e4 c6 2. d4 d5 3. Nc3 dxe4 4. Nxe4 Bf5 5. Ng3 Bg6 6. h4 h6 7. Nf3 Nd7 8. h5 Bh7 9. Bd3 Bxd3 10. Qxd3 e6
11. Bd2 Ngf6 12. O-O-O Be7 13. Ne4 Nxe4 14. Qxe4 Nf6 15. Qf4 Qd5 16. Kb1 Bd6 17. Qh4 Rc8 18. Be3 a6 19. Nd2 b5 20. f3 Rd8
21. Ne4 Be7 22. Nc3 Qf5 23. Ne4 Qd5 24. Nc3 Qf5 25. Ne4 Nd5 26. Qf2 Nxe3 27. Qxe3 Qd5 28. g4 c5 29. c3 cxd4 30. Rxd4 Qa8
31. Rhd1 O-O 32. Rd7 Qc8 33. Qa7 Qc4 34. Qe3 Rxd7 35. Rxd7 Rd8 36. Nd2 Qa4 37. b3 Qa3 38. Rxd8+=
1/2-1/2

[Event "Judit Polgar Cup"]
[Site "SchemingMind.com"]
[Date "2017.08.20"]
[Round "-"]
[White "Robert Bruce"]
[Black "Janusz Szopa"]
[Result "1/2-1/2"]
[WhiteCountry "SCO"]
[BlackCountry "POL"]
[WhiteElo "2350"]
[WhiteRD "75"]
[BlackElo "2268"]
[BlackRD "74"]
[GameID "417477"]

1. d4 Nf6 2. Nf3 g6 3. Bg5 Bg7 4. Nbd2 d5 5. c3 O-O 6. e3 b6 7. Be2 c5 8. O-O Nc6 9. h3 Bb7 10. a3 h6
11. Bf4 Nd7 12. b4 e5 13. Nxe5 Ncxe5 14. dxe5 Nxe5 15. Nb3 Rc8 16. bxc5 bxc5 17. a4 Nc4 18. Rb1 Qe7 19. Bxc4 dxc4 20. Nxc5 Bxg2
21. Bd6 Qg5 22. h4 Qxh4 23. Kxg2 Rxc5 24. Bxc5 Qg5+ 25. Kf3 Qh5+ 26. Kg2 Qg5+ 27. Kf3 Qh5+ 28. Kg2 Qg5+
1/2-1/2

[Event "Judit Polgar Cup"]
[Site "SchemingMind.com"]
[Date "2017.09.04"]
[Round "-"]
[White "frankly"]
[Black "Don71"]
[Result "1-0"]
[WhiteCountry "ENG"]
[BlackCountry "NIR"]
[WhiteElo "2610"]
[WhiteRD "61"]
[BlackElo "2336"]
[BlackRD "95"]
[GameID "418068"]

1. d4 Nf6 2. c4 e6 3. Nf3 d5 4. Nc3 c5 5. cxd5 cxd4 6. Qxd4 exd5 7. e4 Nc6 8. Bb5 dxe4 9. Qxd8+ Kxd8 10. Ng5 Ke8
11. O-O Bf5 12. Re1 Bb4 13. Bd2 Be7 14. Ncxe4 Nxe4 15. Nxe4 Kf8 16. Bxc6 bxc6 17. Rac1 Rd8 18. Rc4 Bxe4 19. Rcxe4 Rxd2 20. Rxe7 g6
21. Rxa7 Rxb2 22. g3 Kg7 23. Ree7 Rf8 24. a4 Kf6 25. Rec7 Rc2 26. a5 Ke6 27. Re7+ Kd5 28. Rad7+ Kc4 29. a6 Ra2 30. a7 Ra1+
31. Kg2 h5 32. Rxf7 Rxf7 33. Rxf7 c5 34. Kf3 Kd3 35. Rd7+ Kc2 36. Rc7 Kd3 37. Rxc5 Rxa7 38. Rd5+ Kc4 39. Rd6 Rg7 40. h4 g5
41. Rh6 Rf7+ 42. Kg2 gxh4 43. Rxh5 hxg3 44. fxg3 Kd4 45. g4 Ke4 46. Kg3 Rf1 47. Rh6 Ke5 48. Kh4
1-0

[Event "Judit Polgar Cup"]
[Site "SchemingMind.com"]
[Date "2017.09.05"]
[Round "-"]
[White "Don71"]
[Black "frankly"]
[Result "0-1"]
[WhiteCountry "NIR"]
[BlackCountry "ENG"]
[WhiteElo "2317"]
[WhiteRD "94"]
[BlackElo "2526"]
[BlackRD "63"]
[GameID "418069"]

1. e4 e5 2. Nf3 Nc6 3. Bb5 a6 4. Ba4 Nf6 5. Nc3 Bc5 6. Nxe5 Nxe5 7. d4 Bd6 8. dxe5 Bxe5 9. Ne2 c6 10. f4 Bc7
11. e5 Ng4 12. h3 Nxe5 13. Qd4 Qh4+ 14. Kd1 Ng6 15. Qxg7 d5 16. g3 Qh5 17. Be3 Bg4
0-1

[Event "Judit Polgar Cup"]
[Site "SchemingMind.com"]
[Date "2017.09.04"]
[Round "-"]
[White "Scooter"]
[Black "Thomas Jacob Kelly"]
[Result "0-1"]
[WhiteCountry "USA"]
[BlackCountry "USA"]
[WhiteElo "1703"]
[WhiteRD "54"]
[BlackElo "1771"]
[BlackRD "72"]
[GameID "418145"]

1. d4 d5 2. Nf3 c5 3. e3 Bg4 4. c3 Nf6 5. Be2 e6 6. O-O Qc7 7. Nbd2 Nbd7 8. h3 h5 9. hxg4 hxg4 10. Ne5 Nxe5
11. dxe5 Qxe5 12. g3 Qh5
0-1

[Event "Judit Polgar Cup"]
[Site "SchemingMind.com"]
[Date "2017.09.05"]
[Round "-"]
[White "Thomas Jacob Kelly"]
[Black "Scooter"]
[Result "0-1"]
[WhiteCountry "USA"]
[BlackCountry "USA"]
[WhiteElo "1771"]
[WhiteRD "72"]
[BlackElo "1703"]
[BlackRD "54"]
[GameID "418146"]

1. e4 c6 2. d4 d5 3. e5 Bf5 4. Nc3 e6 5. g4 Bg6 6. Nge2 Nd7 7. h4 h6 8. h5 Bh7 9. Nf4 Bb4 10. Bd2 Ne7
11. Bd3 Bxd3 12. cxd3 c5 13. Nce2 Bxd2+ 14. Qxd2 cxd4 15. Nxd4 Nxe5 16. Qe2 Qa5+ 17. Kf1 N7c6 18. Ndxe6 fxe6 19. Nxe6 Kf7 20. Nd4 Rhe8
21. Nb3 Qb4 22. Rg1 Re7 23. g5 Qf4 24. gxh6 Qxh6 25. d4 Nc4 26. Qf3+ Qf6 27. Qxd5+ Qe6 28. Qxe6+ Kxe6 29. Rg6+ Kf7 30. Nc5 b6
31. Rxc6 bxc5 32. Rxc5 Nxb2 33. Rb1 Nd3 34. Rc3 Nf4 35. Rf3 Re4 36. Rd1 Kg8 37. Re3 Rae8 38. Rde1 Rxe3 39. Rxe3 Rxe3 40. fxe3 Nxh5
41. Kf2 Kf7 42. e4 Ke6 43. Ke3 Nf6 44. e5 Nd5+ 45. Kf3 Nc3 46. a3 Nb5 47. Ke4 Nxa3 48. d5+ Ke7 49. Kf5 Nb5 50. d6+ Nxd6+
0-1

[Event "Judit Polgar Cup"]
[Site "SchemingMind.com"]
[Date "2017.09.28"]
[Round "-"]
[White "Ilang"]
[Black "pmdpsp"]
[Result "1-0"]
[WhiteCountry "HUN"]
[BlackCountry "GER"]
[WhiteElo "2442"]
[WhiteRD "107"]
[BlackElo "1740"]
[BlackRD "95"]
[GameID "419061"]

1. e4 g6 2. d4 d6 3. Nc3 Bg7 4. Be3 e5 5. dxe5 Bxe5 6. Qd2 Be6 7. Bd3 Nc6 8. O-O-O Nb4 9. Kb1 Qf6 10. Bb5+ c6
11. Be2 Rd8 12. Bg5 Qg7 13. Bxd8 Kxd8 14. f4 Bxc3 15. Qxd6+ Kc8 16. Qd8#
1-0

[Event "Judit Polgar Cup"]
[Site "SchemingMind.com"]
[Date "2017.09.28"]
[Round "-"]
[White "pmdpsp"]
[Black "Ilang"]
[Result "0-1"]
[WhiteCountry "GER"]
[BlackCountry "HUN"]
[WhiteElo "1739"]
[WhiteRD "100"]
[BlackElo "2466"]
[BlackRD "91"]
[GameID "419062"]

1. c4 e5 2. Nc3 Bb4 3. a3 Bxc3 4. bxc3 Nc6 5. d4 d6 6. d5 Na5 7. e4 Nf6 8. Bd3 O-O 9. Ne2 b6 10. O-O Ba6
11. c5 Bxd3 12. Qxd3 Nb3 13. Rb1 Nxc1 14. Nxc1 bxc5 15. c4 Qd7 16. Ne2 Rab8 17. Nc3 Rb6 18. a4 Rfb8 19. Rb5 a6 20. Rxb6 Rxb6
21. f3 Nh5 22. g3 Qe8 23. Rb1 Qb8 24. Kh1 Rxb1+ 25. Qxb1 Qb4 26. Kg2 Nf6 27. Qd3 Nd7 28. f4 Qb2+ 29. Kg1 exf4 30. gxf4 Qc1+
31. Kg2 Qxf4 32. Qh3 Nf8 33. Qd3 Ng6 34. Qh3 Qd2+ 35. Kf1 h5 36. Qc8+ Kh7 37. Qxa6 Qc1+ 38. Kf2 Qxc3 39. Qb5 Qd2+ 40. Kg3 Qe3+
41. Kg2 Nf4+
0-1

[Event "Judit Polgar Cup"]
[Site "SchemingMind.com"]
[Date "2017.10.19"]
[Round "-"]
[White "Clive Everill"]
[Black "nikita68"]
[Result "0-1"]
[WhiteCountry "CZE"]
[BlackCountry "RUS"]
[WhiteElo "1746"]
[WhiteRD "60"]
[BlackElo "2386"]
[BlackRD "70"]
[GameID "419732"]

1. e4 c5 2. Nf3 d6 3. c3 Nf6 4. Be2 Nc6 5. d4 cxd4 6. cxd4 Nxe4 7. d5 Qa5+ 8. Nc3 Nxc3 9. bxc3 Ne5 10. Nxe5 Qxc3+
11. Bd2 Qxe5 12. Rb1 b6 13. O-O Bd7 14. Bf3 g6 15. Rc1 Bg7 16. Bc3 Qxc3 17. Rxc3 Bxc3 18. Qb3 Bd4 19. Rd1 Bc5 20. Re1 f6
21. Qb2 Kf7 22. Qe2 Rhe8 23. h3 a5 24. g4 Rac8 25. Be4 Bb4 26. Rb1 e5 27. Rb3 Ba4 28. Rf3 Rc1+ 29. Kg2 Bd1 30. Qa6 Bxf3+
31. Bxf3 Bc5 32. Qb7+ Re7 33. Qb8 Kg7 34. Qd8 Rf7 35. h4 Rc2 36. h5 Rxf2+ 37. Kg3 Rxa2 38. hxg6 hxg6 39. Qe8 a4 40. Qb5 a3
41. Be4 Rb2 42. Qd3 a2
0-1

[Event "Judit Polgar Cup"]
[Site "SchemingMind.com"]
[Date "2017.10.20"]
[Round "-"]
[White "nikita68"]
[Black "Clive Everill"]
[Result "1-0"]
[WhiteCountry "RUS"]
[BlackCountry "CZE"]
[WhiteElo "2401"]
[WhiteRD "64"]
[BlackElo "1763"]
[BlackRD "61"]
[GameID "419733"]

1. d4 g6 2. e4 Bg7 3. Nc3 d6 4. f4 a6 5. Nf3 b5 6. Bd3 Bb7 7. O-O Nd7 8. e5 e6 9. Ne4 Bxe4 10. Bxe4 d5
11. Bd3 Ne7 12. Be3 Rc8 13. a4 c6 14. Qe2 Nb6 15. axb5 axb5 16. b3 O-O 17. g4 f5 18. Kh1 fxg4 19. Ng5 Qd7 20. Qxg4 Nf5
21. Bd2 Rfe8 22. Rg1 Nxd4 23. Nxh7 Nf5 24. Qxg6 Qf7 25. Qxf7+ Kxf7 26. Bxf5 exf5 27. Ra7+ Re7 28. Rxe7+ Kxe7 29. Rxg7+ Ke6 30. Ng5#
1-0

[Event "Judit Polgar Cup"]
[Site "SchemingMind.com"]
[Date "2017.11.10"]
[Round "-"]
[White "frankly"]
[Black "William Lindberg"]
[Result "1-0"]
[WhiteCountry "ENG"]
[BlackCountry "USA"]
[WhiteElo "2625"]
[WhiteRD "62"]
[BlackElo "2415"]
[BlackRD "71"]
[GameID "420445"]

1. e4 e5 2. Nf3 Nc6 3. Bb5 a6 4. Ba4 Nf6 5. O-O b5 6. Bb3 Bb7 7. d3 Bc5 8. Nc3 O-O 9. a4 Na5 10. axb5 Nxb3
11. cxb3 axb5 12. Rxa8 Bxa8 13. Nxe5 b4 14. Na4 Be7 15. Nf3 c5 16. Be3 d6 17. Nd2 Re8 18. Nc4 d5 19. Ncb6 dxe4 20. dxe4 Bxe4
21. Qxd8 Bxd8 22. Bxc5 Bc2 23. Bxb4 Bxb3 24. Re1 Re4 25. Rxe4 Nxe4 26. Kf1 Bc7 27. g3 f6 28. Ke2 Kf7 29. Bd2 Kg6 30. Bf4 Bxf4
31. gxf4 Kf5 32. f3 Nd6 33. Nc5 Bf7 34. Ke3 Be8 35. Ne4 Ke6 36. Nxd6 Kxd6 37. Kd4 Bc6 38. Nc4+ Ke6 39. Nd2 Kf5 40. Ke3 Ke6
41. Nb3 Kd5 42. Nd4 Be8 43. f5 Bf7 44. b4 Kd6 45. Ke4 Bd5+ 46. Kd3 Bf7 47. Ke4 Bd5+ 48. Kf4 Bf7 49. b5 Kc5 50. Ke3 Kb6
51. Ke4 Ba2 52. Kf4 Bf7 53. Kg4 Be8 54. Ne6 g6 55. Nf8 h5+ 56. Kf4 g5+ 57. Ke3 Kxb5 58. Nh7 Bd7 59. Nxf6 Bxf5 60. Nxh5 Kc4
61. Nf6 Bc2 62. Ne4 Kd5 63. Nxg5 Ke5 64. f4+ Kf6 65. Kf3 Kg6 66. Kg4 Kf6 67. Nf3 Bf5+ 68. Kg3 Bc8 69. Ne5 Ba6 70. Ng4+ Kg6
71. Ne3 Bd3 72. Kh4 Kf6 73. Kg4 Be2+ 74. Kg3 Bd3 75. Ng4+ Ke6 76. h3 Be2 77. h4 Kf5 78. h5 Bxg4 79. h6 Kg6 80. Kxg4 Kxh6
81. Kf5 Kg7 82. Ke6 Kg8 83. Ke7 Kg7 84. f5 Kh6 85. f6 Kg5 86. f7
1-0

[Event "Judit Polgar Cup"]
[Site "SchemingMind.com"]
[Date "2017.11.10"]
[Round "-"]
[White "William Lindberg"]
[Black "frankly"]
[Result "0-1"]
[WhiteCountry "USA"]
[BlackCountry "ENG"]
[WhiteElo "2415"]
[WhiteRD "71"]
[BlackElo "2625"]
[BlackRD "62"]
[GameID "420446"]

1. c4 e5 2. Nc3 Nc6 3. Nf3 f5 4. g3 Nf6 5. Bh3 d5 6. cxd5 Nxd5 7. e3 e4 8. Nh4 Nxc3 9. bxc3 Qf6 10. Bf1 g5
11. Ng2 Ne5 12. Be2 Be6 13. Bh5+ Kd7 14. Be2 Kc8 15. O-O h5 16. f4 gxf4 17. Nxf4 h4 18. g4 fxg4 19. Qa4 Bd7 20. Qxe4 Bd6
21. Bb2 Nf3+ 22. Bxf3 gxf3 23. Qxf3 Qg5+ 24. Kf2 Rf8 25. Rg1 Qh6 26. Bc1 Bc6 27. Qg4+ Kb8 28. d4 Qh7 29. Qg6 Qe7 30. Bd2 a6
31. Rae1 Ka7 32. h3 Rae8 33. a3 Qd7 34. Rg4 Be4 35. Qh5 Rh8 36. Qa5 b6 37. Qg5 Qf7 38. Reg1 Qa2 39. Ke1 Rhf8 40. Ne2 Bf3
41. d5 Re5 42. Qh6 Bxg4 43. Qxf8 Bxe2 44. Qxd6 cxd6 45. Rg7+ Kb8 46. Rg8+ Kc7 47. Rg7+ Kd8 48. Kxe2 Rxd5 49. Kf3 Rxd2 50. c4 Rf2+
51. Kg4 Rg2+
0-1

[Event "Judit Polgar Cup"]
[Site "SchemingMind.com"]
[Date "2018.01.01"]
[Round "-"]
[White "Ragged Rook"]
[Black "MichaelG"]
[Result "0-1"]
[WhiteCountry "ENG"]
[BlackCountry "GER"]
[WhiteElo "1899"]
[WhiteRD "95"]
[BlackElo "2037"]
[BlackRD "89"]
[GameID "422475"]

1. g3 Nf6 2. Bg2 d5 3. d3 c5 4. Bg5 e6 5. Nc3 Be7 6. e4 d4 7. Nce2 Nc6 8. f4 Ng4 9. Bxe7 Qxe7 10. Bh3 Ne3
11. Qd2 Nb4 12. Kf2 Nbxc2 13. Rc1 Nb4 14. a3 Nc6 15. Nf3 e5 16. Bxc8 Rxc8 17. h3 f6 18. Nh4 g5 19. Nf5 Nxf5 20. exf5 e4
21. dxe4 Qxe4 22. Nc3 dxc3 23. bxc3 O-O 24. Qd7 Rfd8
0-1

[Event "Judit Polgar Cup"]
[Site "SchemingMind.com"]
[Date "2018.01.01"]
[Round "-"]
[White "MichaelG"]
[Black "Ragged Rook"]
[Result "1/2-1/2"]
[WhiteCountry "GER"]
[BlackCountry "ENG"]
[WhiteElo "2029"]
[WhiteRD "92"]
[BlackElo "1866"]
[BlackRD "89"]
[GameID "422476"]

1. Nf3 g6 2. c4 Bg7 3. d4 d6 4. Nc3 Bg4 5. e3 c5 6. Be2 cxd4 7. exd4 Nc6 8. d5 Bxf3 9. Bxf3 Ne5 10. Be2 Nh6
11. O-O Nf5 12. Bd2 Rc8 13. b3 h5 14. Rc1 Bh6 15. h3 Bxd2 16. Qxd2 Qb6 17. Na4 Qd4 18. Rfd1 Qxd2 19. Rxd2 Kf8 20. Rdc2 Nd4
21. Rd2 Nf5 22. Bd3 Nh4 23. Nc3 Nhf3+ 24. gxf3 Nxf3+ 25. Kg2 Nxd2 26. Rd1 Nxc4 27. bxc4 Kg7 28. Ne4 Kh6 29. f4 a6 30. a4 a5
31. Rb1 Rc7 32. Rb5 Rhc8 33. Rxa5 b6 34. Rb5 Rxc4 35. Bxc4 Rxc4 36. Kf3 Rxa4 37. Rxb6 Ra3+ 38. Kg2 Ra4 39. Kf3=
1/2-1/2

[Event "Judit Polgar Cup"]
[Site "SchemingMind.com"]
[Date "2018.01.21"]
[Round "-"]
[White "nikita68"]
[Black "Ilang"]
[Result "1/2-1/2"]
[WhiteCountry "RUS"]
[BlackCountry "HUN"]
[WhiteElo "2361"]
[WhiteRD "72"]
[BlackElo "2432"]
[BlackRD "96"]
[GameID "423458"]

1. e4 e5 2. Nf3 Nc6 3. Bb5 a6 4. Ba4 Nf6 5. O-O Be7 6. Re1 b5 7. Bb3 O-O 8. c3 d5 9. d4 dxe4 10. Nxe5 Nxe5
11. dxe5 Qxd1 12. Bxd1 Nd7 13. Bc2 Nxe5 14. Bxe4 Rb8 15. Bxh7+ Kxh7 16. Rxe5 Bf6=
1/2-1/2

[Event "Judit Polgar Cup"]
[Site "SchemingMind.com"]
[Date "2018.01.22"]
[Round "-"]
[White "Ilang"]
[Black "nikita68"]
[Result "1/2-1/2"]
[WhiteCountry "HUN"]
[BlackCountry "RUS"]
[WhiteElo "2427"]
[WhiteRD "98"]
[BlackElo "2339"]
[BlackRD "74"]
[GameID "423459"]

1. e4 e5 2. Nf3 Nf6 3. Nxe5 d6 4. Nf3 Nxe4 5. d4 d5 6. Bd3 Bd6 7. O-O O-O 8. c4 c6 9. cxd5 cxd5 10. Nc3 Nxc3
11. bxc3 Bg4 12. h3 Bh5 13. Rb1 b6 14. c4 dxc4 15. Be4 Nd7 16. Qc2 Bxf3 17. Bxf3 Rc8 18. Bd2 Re8 19. Rfe1 Rxe1+ 20. Bxe1 Nf6
21. Bc3 Qc7 22. Qa4 g6 23. Rc1 a5 24. Qb5 Nd7 25. Bg4 f5 26. Be2 Bf4 27. Rb1 Qc6 28. Qa6=
1/2-1/2

[Event "Judit Polgar Cup"]
[Site "SchemingMind.com"]
[Date "2018.03.06"]
[Round "-"]
[White "Scooter"]
[Black "Adrian Grajczak"]
[Result "1-0"]
[WhiteCountry "USA"]
[BlackCountry "POL"]
[WhiteElo "1758"]
[WhiteRD "59"]
[BlackElo "1814"]
[BlackRD "88"]
[GameID "425446"]

1. d4 f5 2. Nf3 Nf6 3. Bf4 e6 4. e3 d6 5. Be2 Be7 6. O-O O-O 7. Nbd2 b6 8. h3 Bb7 9. Ng5 Qd7 10. c4 h6
11. Ngf3 Nc6 12. a3 g5 13. Bg3 Nh5 14. Bh2 Ng7 15. b4 Bf6 16. Rb1 Ne7 17. Nb3 Ng6 18. c5 Bd5 19. cxd6 cxd6 20. Rc1 Rac8
21. Rxc8 Rxc8 22. Qb1 Rc3 23. Nfd2
1-0

[Event "Judit Polgar Cup"]
[Site "SchemingMind.com"]
[Date "2018.03.06"]
[Round "-"]
[White "Adrian Grajczak"]
[Black "Scooter"]
[Result "1-0"]
[WhiteCountry "POL"]
[BlackCountry "USA"]
[WhiteElo "1817"]
[WhiteRD "87"]
[BlackElo "1728"]
[BlackRD "52"]
[GameID "425447"]

1. e4 c6 2. d3 d5 3. Nd2 dxe4 4. dxe4 e5 5. Ngf3 Bg4 6. Be2 Nf6 7. O-O Bd6 8. Nc4 Nxe4 9. Nfxe5 Bxe2 10. Qxe2 Qe7
11. Qxe4 Bxe5 12. Qxe5 Qxe5 13. Nxe5
1-0

[Event "Judit Polgar Cup"]
[Site "SchemingMind.com"]
[Date "2018.03.16"]
[Round "-"]
[White "MichaelG"]
[Black "Robert Bruce"]
[Result "0-1"]
[WhiteCountry "GER"]
[BlackCountry "SCO"]
[WhiteElo "1949"]
[WhiteRD "87"]
[BlackElo "2285"]
[BlackRD "69"]
[GameID "425932"]

1. d4 Nf6 2. Nf3 c5 3. d5 e6 4. c4 b5 5. Bg5 exd5 6. cxd5 d6 7. e4 a6 8. a4 b4 9. Nbd2 Be7 10. Bc4 h6
11. Bf4 g5 12. Bg3 Nh5 13. Nf1 Nd7 14. h3 Bf6 15. Ra2 Nxg3 16. Nxg3 Ne5 17. Nd2 h5 18. Nxh5 g4 19. Ng3 gxh3 20. Bf1 Bg4
21. Qb3 c4 22. Qxb4 hxg2 23. Rxh8+ Bxh8 24. Bxg2 Nd3+
0-1

[Event "Judit Polgar Cup"]
[Site "SchemingMind.com"]
[Date "2018.03.17"]
[Round "-"]
[White "Robert Bruce"]
[Black "MichaelG"]
[Result "1-0"]
[WhiteCountry "SCO"]
[BlackCountry "GER"]
[WhiteElo "2285"]
[WhiteRD "69"]
[BlackElo "1949"]
[BlackRD "87"]
[GameID "425933"]

1. f4 d5 2. Nf3 Nf6 3. e3 g6 4. b4 Bg7 5. Bb2 O-O 6. Be2 c6 7. a4 Qd6 8. b5 Bg4 9. c4 dxc4 10. Na3 Ne4
11. Bxg7 Kxg7 12. Nxc4 Qc7 13. Nce5 Be6 14. Qc2 Nd6 15. Ng5 Bf5 16. Qc3 Kg8 17. h4 Ne4 18. Nxe4 Bxe4 19. h5 Nd7 20. hxg6 Nxe5
21. gxh7+ Bxh7 22. fxe5 Rfd8 23. a5 Rac8 24. b6 axb6 25. axb6 Qd7 26. Ra4 e6 27. Rah4 Bg6 28. Qb4 Kg7 29. Qf4 f5 30. Qg5 Qf7
31. Qh6+
1-0

[Event "Judit Polgar Cup"]
[Site "SchemingMind.com"]
[Date "2018.03.18"]
[Round "-"]
[White "frankly"]
[Black "nikita68"]
[Result "1/2-1/2"]
[WhiteCountry "ENG"]
[BlackCountry "RUS"]
[WhiteElo "2583"]
[WhiteRD "67"]
[BlackElo "2369"]
[BlackRD "88"]
[GameID "425951"]

1. e4 e5 2. Nf3 Nf6 3. Nxe5 d6 4. Nf3 Nxe4 5. d4 d5 6. Bd3 Nc6 7. O-O Be7 8. c4 Nb4 9. Be2 O-O 10. Nc3 Bf5
11. a3 Nxc3 12. bxc3 Nc6 13. Re1 dxc4 14. Bxc4 Bd6 15. Bg5 Qd7 16. Nh4 Na5 17. Ba2 Bg4 18. Qd3 Rae8 19. h3 Rxe1+ 20. Rxe1 Re8
21. Qd2 Rxe1+ 22. Qxe1 Bh5 23. Nf5 Bf8 24. Ne7+ Bxe7 25. Bxe7 Bg6 26. Bh4 b5 27. Qe5 a6 28. Bg3 Nc4 29. Bxc4 bxc4 30. Qa5 Qc6
31. Bxc7 Qb5 32. Qb4 Qxb4 33. axb4 Be4 34. g4 f6 35. Kh2 Kf7 36. Kg3 Ke6 37. Bb6 Bd3 38. Kf4 Bg6 39. Bc5 Be8 40. h4 Bc6
41. g5 Bb7 42. Bf8 g6 43. gxf6 Kxf6 44. Bd6 h6 45. Be5+ Kf7 46. Bh8 Ke6 47. Bg7 h5 48. Be5 Kf7 49. Kg5 Be4 50. Kf4 Bb7
51. Bc7 Kf6 52. Bd8+ Ke6 53. f3 Bc6 54. Bb6 Bd5 55. Bc5 Kf6 56. Bf8=
1/2-1/2

[Event "Judit Polgar Cup"]
[Site "SchemingMind.com"]
[Date "2018.03.17"]
[Round "-"]
[White "nikita68"]
[Black "frankly"]
[Result "0-1"]
[WhiteCountry "RUS"]
[BlackCountry "ENG"]
[WhiteElo "2338"]
[WhiteRD "85"]
[BlackElo "2607"]
[BlackRD "70"]
[GameID "425952"]

1. d4 Nf6 2. c4 e6 3. Nc3 Bb4 4. Nf3 b6 5. Bg5 Bb7 6. e3 h6 7. Bh4 g5 8. Bg3 Ne4 9. Qc2 f5 10. Bd3 Bxc3+
11. bxc3 d6 12. O-O Nd7 13. d5 Ndc5 14. Nd4 Qe7 15. f3 Nxd3 16. fxe4 Nc5 17. e5 O-O 18. exd6 cxd6 19. Rad1 Rad8 20. dxe6 Be4
21. Qe2 Rf6 22. Rd2 Nxe6 23. Nb5 Ng7 24. Rfd1 Ne8 25. Rb2 Kh7 26. a4 Rg6 27. Nd4 Ng7 28. Rbd2 Re8 29. Rf1 a6 30. Rb2 Qc7
31. Bf2 f4 32. Re1 Ne6 33. Nxe6 Rexe6 34. exf4 gxf4 35. Bd4 Qe7
0-1

[Event "Judit Polgar Cup"]
[Site "SchemingMind.com"]
[Date "2018.05.12"]
[Round "-"]
[White "Robert Bruce"]
[Black "Adrian Grajczak"]
[Result "1-0"]
[WhiteCountry "SCO"]
[BlackCountry "POL"]
[WhiteElo "2312"]
[WhiteRD "67"]
[BlackElo "1847"]
[BlackRD "86"]
[GameID "428075"]

1. d4 d6 2. g3 e5 3. dxe5 dxe5 4. Qxd8+ Kxd8 5. Nc3 c6 6. f4 f6 7. Nf3 Bd6 8. Ne4 Bc7 9. fxe5 Bxe5 10. Nxe5 fxe5
11. Nd6 Be6 12. Nxb7+ Kc7 13. Nc5 Bd5 14. e4 Bf7 15. Bh3 Nf6 16. Bd2 Nbd7 17. Ba5+ Nb6 18. O-O-O Rad8 19. Bc3 Rhe8 20. Na6+ Kb7
21. Rxd8 Rxd8 22. Nc5+ Ka8 23. Bxe5
1-0

[Event "Judit Polgar Cup"]
[Site "SchemingMind.com"]
[Date "2018.05.12"]
[Round "-"]
[White "Adrian Grajczak"]
[Black "Robert Bruce"]
[Result "0-1"]
[WhiteCountry "POL"]
[BlackCountry "SCO"]
[WhiteElo "1847"]
[WhiteRD "86"]
[BlackElo "2312"]
[BlackRD "67"]
[GameID "428076"]

1. e4 Nf6 2. Nc3 e5 3. Nf3 Nc6 4. Bb5 Bd6 5. d3 a6 6. Bc4 h6 7. O-O Bc5 8. h3 d6 9. Kh2 g5 10. Ng1 Na5
11. Bb3 g4 12. Nd5 Bd7 13. f4 Nxb3 14. Nxf6+ Qxf6 15. axb3 Qg7 16. f5 gxh3 17. Nxh3 Rg8 18. Qf3 O-O-O 19. c3 d5 20. b4 dxe4
21. dxe4 Bb5 22. bxc5 Bxf1 23. Qxf1 Qg3+ 24. Kh1 Rd1
0-1

[Event "Judit Polgar Cup"]
[Site "SchemingMind.com"]
[Date "2018.08.10"]
[Round "-"]
[White "Robert Bruce"]
[Black "frankly"]
[Result "0-1"]
[WhiteCountry "SCO"]
[BlackCountry "ENG"]
[WhiteElo "2306"]
[WhiteRD "68"]
[BlackElo "2589"]
[BlackRD "71"]
[GameID "431232"]

1. c4 e5 2. g3 Nf6 3. Bg2 d5 4. cxd5 Nxd5 5. Nc3 Nb6 6. Nf3 Nc6 7. O-O Be7 8. a3 O-O 9. b4 Be6 10. Rb1 f6
11. d3 a5 12. b5 Nd4 13. Nd2 Qc8 14. e3 Nf5 15. a4 Bb4 16. Qc2 Bxc3 17. Qxc3 Nxa4 18. Qa3 Nb6 19. Ne4 Rd8 20. Nc5 Nd6
21. e4 a4 22. f4 Re8 23. Rf2 h6 24. Be3 Bf7 25. fxe5 fxe5 26. Bf3 Re7 27. Bd1 Qe8 28. Nxa4 Nxa4 29. Bxa4 b6 30. Rff1 Be6
31. Rfc1 Kh7 32. Qb4 Ra5 33. Ra1 Bh3 34. Bb3 Rxa1 35. Rxa1 Nxb5 36. Ba4 c6 37. Bxb5 cxb5 38. Qd2 Rf7 39. Rc1 Qf8 40. Bf2 b4
41. Rb1 Rc7 42. Bxb6 Rc6 43. Be3 b3 44. Qe2 Rc2 45. Qh5 Qc8 46. Rxb3 Bg4 47. Qf7 Re2 48. Bf2 Qc1+ 49. Kg2 Bh3+ 50. Kxh3 Qf1+
0-1

[Event "Judit Polgar Cup"]
[Site "SchemingMind.com"]
[Date "2018.08.10"]
[Round "-"]
[White "frankly"]
[Black "Robert Bruce"]
[Result "1-0"]
[WhiteCountry "ENG"]
[BlackCountry "SCO"]
[WhiteElo "2595"]
[WhiteRD "69"]
[BlackElo "2312"]
[BlackRD "67"]
[GameID "431233"]

1. e4 c6 2. d4 d5 3. e5 Bf5 4. Nf3 e6 5. Be2 c5 6. Be3 cxd4 7. Nxd4 Ne7 8. Nd2 Nbc6 9. N2f3 Be4 10. O-O Ng6
11. Bb5 Qb8 12. Nxc6 bxc6 13. Bxc6+ Ke7 14. Nd4 Nxe5 15. f3 Bg6 16. Re1 a5 17. Qe2 Kd8 18. Bf4 Bc5 19. Bxe5 Qb6 20. Bxa8 Bxd4+
21. Kh1 Bf2 22. Rf1 Be3 23. Bxd5 f6 24. Bb3 fxe5 25. Rfe1 Bc5 26. Rad1+ Kc8 27. Qxe5 Qc7 28. Qxe6+ Kb8 29. Rd7 Re8 30. Qxe8+
1-0